Sin pasado ni futuro?: el presente pensado desde la historia y las ciencias sociales
Guardado en:
| Autores principales: | , |
|---|---|
| Formato: | Libro |
| Lenguaje: | español |
| Publicado: |
Madrid
Marcial Pons
2018
|
| Edición: | 1a. ed |
| Colección: | Colección Inbstituto Universitario de Investigación en Estudios Latinoamericanos
|
| Materias: | |
| Etiquetas: |
Agregar Etiqueta
Sin Etiquetas, Sea el primero en etiquetar este registro!
|
MARC
| LEADER | 00000cam a2200000 a 4500 | ||
|---|---|---|---|
| 001 | UCC5605 | ||
| 003 | CL-VaPUC | ||
| 008 | 181021e20180000sp |||||||||||||||||spa|d | ||
| 020 | |a 9788491235569 | ||
| 082 | 0 | 4 | |a 907.2 |b CAV |2 21 |
| 100 | |a Cavieres Figueroa, Eduardo Lincoyán |e autor |9 884614 | ||
| 700 | 0 | |a Pérez Herrero, Pedro |e author |9 599959 | |
| 245 | 1 | 0 | |a Sin pasado ni futuro?: el presente pensado desde la historia y las ciencias sociales |
| 250 | |a 1a. ed | ||
| 300 | |a 233 p | ||
| 942 | |c BK | ||
| 945 | |d 20181021 19:29:00 |a dcastane | ||
| 260 | |a Madrid |b Marcial Pons |c 2018 | ||
| 650 | 0 | |a Historiografía |9 257871 | |
| 650 | 7 | |a ENSAYOS HISTORICOS |2 CL-VaPUC |9 315150 | |
| 583 | |a last modification |c 20181021 19:29:00 |k Rodrigo Vera | ||
| 490 | 0 | |a Colección Inbstituto Universitario de Investigación en Estudios Latinoamericanos | |
| 999 | |c 372778 |d 372776 | ||
| 952 | |0 0 |1 0 |3 erb |4 0 |6 907_200000000000000_CAV_2018 |7 0 |8 A |9 490596 |a BIBHIS |b BIBHIS |i 5508886 |l 3 |o 907.2 CAV 2018 |p 5508886 |r 2025-01-20 |s 2024-08-27 |w 2019-11-24 |y BK |z Catalogado en:20181021 |k HIS | ||
| 952 | |0 0 |1 0 |3 erb |4 0 |6 907_200000000000000_CAV_2018 |7 0 |8 A |9 490597 |a BIBHIS |b BIBHIS |i 5508878 |o 907.2 CAV 2018 |p 5508878 |r 2025-01-20 |w 2019-11-24 |y BK |z Catalogado en:20181021 |k HIS | ||